000 00550nam a2200193Ia 4500
003 OSt
005 20250205093139.0
008 210210b1946 xxu||||| |||| 00| 0 eng d
040 _cAL
041 _akan
082 _a859/2324
100 _aSHRINIVASA (R V)
_9158831
_dಶ್ರೀನಿವಾಸ (ಆರ್ ವಿ)
245 _aDukkhasetu: kathasankalana
_bದುಖ್ಖಸೇತು ಕಥಾಸಂಕಲನ
260 _aBengaluru
_b-
_c1946
300 _avi,119
690 _aKannada Fiction
_9158832
906 _a023017
942 _2ddc
_cBK
999 _c147890
_d147890